[Event "AUTO-OPEN-2892"]
[Site "http://www.queenalice.com/game.php?id=1142311"]
[Date "2013.1.19"]
[Round "1"]
[White "rrenato"]
[Black "hirano"]
[Result "1-0"]
[WhiteElo "1594"]
[BlackElo "1697"]

1. d4 d5 2. Nc3 Nf6 3. Nf3 Bg4 4. e3 e6 5. Be2 Ne4 6. Nxe4 dxe4 7. Ne5 Bxe2 8.
Qxe2 h5 9. f3 exf3 10. Qxf3 f6 11. Qxb7 Nd7 12. Ng6 Rh6 13. Nxf8 Kxf8 14. O-O h4
15. e4 e5 16. Bxh6 exd4 17. Bf4 Nc5 18. Qb4 Qe7 19. Qxd4 Nxe4 20. Rae1 Re8 21.
Bxc7 f5 22. Rxf5+ Kg8 23. Be5 g6 24. Qd5+ Qe6 25. Qxe6+ Rxe6 26. Rf4 1-0

[Event "AUTO-OPEN-2892"]
[Site "http://www.queenalice.com/game.php?id=1142338"]
[Date "2013.1.19"]
[Round "1"]
[White "igor20"]
[Black "rrenato"]
[Result "1-0"]
[WhiteElo "1739"]
[BlackElo "1614"]

1. e4 c5 2. Nc3 e5 3. Nf3 Nf6 4. Nxe5 d6 5. Bb5+ Nbd7 6. Nxd7 Bxd7 7. Bxd7+ Qxd7
8. d3 O-O-O 9. Bg5 Be7 10. O-O h6 11. Bxf6 Bxf6 12. Qd2 Be5 13. Rab1 Qg4 14. Nd5
Rhe8 15. f4 Bd4+ 16. Kh1 f5 17. Rbe1 Qh5 18. Rf3 fxe4 19. dxe4 Bxb2 20. c3 Ba3
21. Qc2 c4 22. Qa4 Bc5 23. h3 Qh4 24. Re2 Re6 25. Qxc4 Rg6 26. Kh2 Re8 27. g3
Qh5 28. Kg2 Rge6 29. f5 Re5 30. f6 Rg5 31. f7 Rf8 32. Ne7+ Kd7 33. Ng8 a6 34.
Qa4+ Kd8 35. Qc4 Re5 36. g4 Qg6 37. Kg3 Re7 38. Nxe7 Kxe7 39. Qd5 Rxf7 40. Qxb7+
Ke6 41. Rxf7 Qxf7 42. Qxa6 Qf1 43. Qc8+ Kf7 44. Qf5+ Qxf5 45. exf5 1-0

[Event "AUTO-OPEN-2892"]
[Site "http://www.queenalice.com/game.php?id=1142339"]
[Date "2013.1.19"]
[Round "1"]
[White "rrenato"]
[Black "igor20"]
[Result "1-0"]
[WhiteElo "1570"]
[BlackElo "1759"]

1. d4 d5 2. Nc3 Nf6 3. Nf3 Bg4 4. e3 e6 5. Be2 Bb4 6. Bd2 Bxc3 7. Bxc3 Ne4 8. h3
Bxf3 9. Bxf3 Nxc3 10. bxc3 Nc6 11. O-O Qf6 12. Rb1 Rb8 13. Qe2 a6 14. e4 dxe4
15. Bxe4 Na5 16. f4 b5 17. f5 O-O 18. fxe6 Qxe6 19. Qd3 g6 20. d5 Qe5 21. Rbe1
Nc4 22. Bxg6 Qg7 23. Bh5 Rbd8 24. Rf3 Qh6 25. Qf5 Rd6 26. Bxf7+ Kh8 27. Re8 Rd8
28. Rxd8 Rxd8 29. Rg3 Nd6 30. Qe5+ 1-0

[Event "AUTO-OPEN-2892"]
[Site "http://www.queenalice.com/game.php?id=1142358"]
[Date "2013.1.19"]
[Round "1"]
[White "rrenato"]
[Black "kykobr"]
[Result "0-1"]
[WhiteElo "1635"]
[BlackElo "1115"]

1. d4 Nf6 2. Nf3 e6 3. Bg5 Be7 4. Nc3 Nc6 5. Qd3 d5 6. Ne5 Nxe5 7. Qb5+ Ned7 8.
O-O-O b6 9. Bxf6 Bxf6 10. e4 dxe4 11. Nxe4 O-O 12. d5 exd5 13. Qxd5 Rb8 14.
Nxf6+ gxf6 15. Bd3 Bb7 16. Qh5 f5 17. Bxf5 Nf6 18. Rxd8 Nxh5 19. Rxf8+ Kxf8 20.
Bxh7 Bxg2 21. Rg1 Nf4 22. Kd2 Rd8+ 23. Ke3 Nd5+ 24. Kd4 Bf3 25. Rg3 Nf6+ 0-1

[Event "AUTO-OPEN-2892"]
[Site "http://www.queenalice.com/game.php?id=1142359"]
[Date "2013.1.19"]
[Round "1"]
[White "kykobr"]
[Black "rrenato"]
[Result "1-0"]
[WhiteElo "1285"]
[BlackElo "1605"]

1. d4 g6 2. e3 Bg7 3. Nf3 d5 4. Be2 Nc6 5. Bb5 a6 6. Bxc6+ bxc6 7. O-O Nf6 8.
Nc3 Bg4 9. h3 Bxf3 10. Qxf3 O-O 11. Rd1 e6 12. e4 dxe4 13. Nxe4 Nxe4 14. Qxe4 e5
15. Qxc6 exd4 16. Bf4 Qf6 17. Qxf6 Bxf6 18. Bh6 Rfd8 19. Rd3 c5 20. Re1 Bg7 21.
Bxg7 Kxg7 22. Re7 Re8 23. Rc7 Rac8 24. Ra7 Ra8 25. Rxa8 Rxa8 26. f4 c4 27. Rxd4
Rc8 28. c3 f6 29. Kf2 g5 30. fxg5 f5 31. h4 Kg6 32. Rd6+ 1-0

[Event "AUTO-INT-2536"]
[Site "http://www.queenalice.com/game.php?id=1142456"]
[Date "2013.1.19"]
[Round "1"]
[White "luizpessoa"]
[Black "rrenato"]
[Result "1-0"]
[WhiteElo "1634"]
[BlackElo "1584"]

1. d4 d5 2. Nc3 Nf6 3. Bf4 Nc6 4. Nb5 Bf5 5. Nxc7+ Kd7 6. Nxa8 Qxa8 7. e3 Qc8 8.
Bd3 Bxd3 9. cxd3 e6 10. Ne2 Nb4 11. Rc1 Qd8 12. Rc7+ Ke8 13. Qa4+ Nd7 14. O-O
Nxd3 15. Bg3 Bd6 16. Bxd6 1-0

[Event "AUTO-INT-2536"]
[Site "http://www.queenalice.com/game.php?id=1142457"]
[Date "2013.1.19"]
[Round "1"]
[White "rrenato"]
[Black "luizpessoa"]
[Result "1-0"]
[WhiteElo "1614"]
[BlackElo "1741"]

1. d4 g6 2. Nf3 b6 3. c4 Bg7 4. Nc3 Bb7 5. Be3 d6 6. Qb3 Bxf3 7. gxf3 Nf6 8. Bg2
Nbd7 9. O-O h6 10. Nb5 e6 11. f4 Rb8 12. Nxa7 c5 13. Nc6 Qc7 14. Nxb8 Nxb8 15.
d5 Ng4 16. dxe6 fxe6 17. Bh3 Nxe3 18. fxe3 O-O 19. Bxe6+ Kh8 20. Qd3 Qe7 21. Bd5
Bxb2 22. Rab1 Bg7 23. Qxg6 Nd7 24. Be4 Nf6 25. Bd3 Rg8 26. Kh1 Bf8 27. Qf5 Ng4
28. Rxb6 Nxe3 29. Qh3 Nxf1 30. Qxf1 Bg7 31. Qf3 Ra8 32. Qxa8+ Qf8 33. Qxf8+ Bxf8
34. a4 Kg7 35. a5 Be7 36. a6 Bd8 37. Rb7+ Kf6 38. a7 Ke6 39. a8=Q Be7 40. Qg8+
Kf6 41. Qg6# 1-0

[Event "AUTO-INT-2536"]
[Site "http://www.queenalice.com/game.php?id=1142470"]
[Date "2013.1.19"]
[Round "1"]
[White "Jomaley"]
[Black "rrenato"]
[Result "1-0"]
[WhiteElo "1448"]
[BlackElo "1547"]

1. e4 b6 2. b3 Bb7 3. Bb5 Bxe4 4. f3 Bf5 5. d3 e5 6. g4 Bg6 7. Nc3 c6 8. Bc4 Bb4
9. Bd2 d5 10. Qe2 dxc4 11. dxc4 Nd7 12. Nh3 Qh4+ 13. Nf2 Bxc3 14. Bxc3 f6 15.
O-O-O O-O-O 16. a4 Nc5 17. Rxd8+ Kxd8 18. Qd2+ Nd7 19. Rd1 Be8 20. Ne4 Ne7 21.
Nd6 f5 22. Nxe8 Kxe8 23. Qxd7+ Kf7 24. Bxe5 Qg5+ 25. Rd2 Ra8 26. Kb2 a5 27. Qb7
Qxd2 28. Qxa8 1-0

[Event "AUTO-INT-2536"]
[Site "http://www.queenalice.com/game.php?id=1142471"]
[Date "2013.1.19"]
[Round "1"]
[White "rrenato"]
[Black "Jomaley"]
[Result "0-1"]
[WhiteElo "1527"]
[BlackElo "1468"]

1. d4 d5 2. Nc3 Be6 3. Nf3 f6 4. e3 c6 5. Bd3 Bg4 6. h3 Bxf3 7. Qxf3 Nh6 8. Bd2
Qb6 9. b3 a5 10. O-O g6 11. Ne2 a4 12. Nf4 g5 13. Ne6 Nd7 14. Qh5+ Nf7 15. f4
gxf4 16. Rxf4 c5 17. Qxd5 cxd4 18. Rxd4 Qc6 19. Qxc6 bxc6 20. Nc7+ Kd8 21. Nxa8
e5 22. Rc4 c5 23. Ba5+ Ke8 24. Nc7+ Ke7 25. Nd5+ Kd6 26. Nb6 Bh6 0-1

[Event "AUTO-INT-2536"]
[Site "http://www.queenalice.com/game.php?id=1142478"]
[Date "2013.1.19"]
[Round "1"]
[White "josedesouza"]
[Black "rrenato"]
[Result "1-0"]
[WhiteElo "1609"]
[BlackElo "1561"]

1. f4 d5 2. d4 Nc6 3. Nf3 Nf6 4. c3 Bg4 5. e3 Ne4 6. Be2 e6 7. Nbd2 Bxf3 8. Nxf3
h6 9. Qd3 Bd6 10. Qb5 Rb8 11. Qa4 O-O 12. O-O f5 13. Qd1 Ne7 14. c4 Ng6 15. Qe1
c5 16. Bd2 cxd4 17. Nxd4 Qd7 18. a3 Nxd2 19. Qxd2 b6 20. Nf3 b5 21. cxd5 Kh8 22.
Nd4 1-0

[Event "AUTO-INT-2536"]
[Site "http://www.queenalice.com/game.php?id=1142479"]
[Date "2013.1.19"]
[Round "1"]
[White "rrenato"]
[Black "josedesouza"]
[Result "0-1"]
[WhiteElo "1576"]
[BlackElo "1594"]

1. d4 d5 2. Nf3 Nf6 3. Nc3 e6 4. Bg5 Be7 5. e3 Nbd7 6. Bd3 a6 7. O-O h6 8. Bxf6
Nxf6 9. Ne5 O-O 10. f4 Bd6 11. Qf3 c5 12. dxc5 Bxc5 13. Kh1 Bd6 14. Rfd1 Qc7 15.
Ne2 Bxe5 16. fxe5 Qxe5 17. c3 Bd7 18. Ng3 Bc6 19. Qf2 Ng4 20. Qe2 f5 21. Rf1 Qd6
0-1

[Event "AUTO-OPEN-4245"]
[Site "http://www.queenalice.com/game.php?id=1638960"]
[Date "2021.1.5"]
[Round "1"]
[White "rrenato"]
[Black "Canaye"]
[Result "0-1"]
[WhiteElo "1487"]
[BlackElo "1888"]

1. d4 e6 2. Nf3 d5 3. Nc3 Bb4 4. a3 Bxc3+ 5. bxc3 c5 6. g3 Nc6 7. dxc5 Nge7 8.
Bg2 Qa5 9. Bd2 Qc7 10. O-O O-O 0-1

[Event "AUTO-OPEN-4245"]
[Site "http://www.queenalice.com/game.php?id=1638961"]
[Date "2021.1.5"]
[Round "1"]
[White "Canaye"]
[Black "rrenato"]
[Result "1-0"]
[WhiteElo "1886"]
[BlackElo "1489"]

1. d4 f5 2. c4 Nf6 3. Nc3 e6 4. e4 Bb4 5. exf5 Ne4 6. Qc2 exf5 7. Bd3 Qe7 8. Ne2
Nc6 9. O-O Qf6 10. a3 Ba5 11. Bxe4 1-0